Perkembangan kerjaya : teori dan praktis

Bibliographic Details
Main Author: Sidek Mohd Noah
Format: Book
Published: Serdang : Universiti Putra Malaysia , 2002
Subjects:

MARC

LEADER 00000cam a2200000 7i4500
001 0000021067
005 20080118.0
008 071205
020 |a 9832373689 
040 |a INS 
090 0 0 |a HF5381   |b S53 2002 
100 0 |a Sidek Mohd Noah 
245 1 0 |a Perkembangan kerjaya :   |b teori dan praktis   |c Sidek Mohd Noah 
260 |a Serdang :   |b Universiti Putra Malaysia ,   |c 2002 
300 |a xii, 304ms :   |b ill. ;   |c 25cm. 
500 |a Mengandungi indeks 
650 0 0 |a Career development 
650 0 0 |a Vocational guidance 
999 |a 0000019578   |b BOOK   |c Open Shelf   |e Default branch